I Would Die 4 U - Prince (All Lyrics) - Statistics

General Stats
  • This quiz has been taken 24 times
  • The average score is 173 of 223
Answer Stats
Answer % Correct
a
100%
for
100%
I
100%
you,
100%
you
100%
You,
100%
die
94%
No
94%
no
94%
would
94%
if
88%
I'm
88%
me
88%
never
88%
not
88%
to
88%
your
88%
am
81%
Be
81%
love
81%
that
81%
when
81%
And
75%
and
75%
lover,
75%
man
75%
something
75%
understand
75%
want
75%
Darlin',
69%
friend
69%
the
69%
you're
69%
You're
69%
cry
63%
I'll
63%
know
63%
lie
63%
need
63%
woman,
63%
worry,
63%
you'll
63%
by
56%
'cause
56%
comprehend
56%
All
50%
beat
50%
is
50%
why
50%
are
44%
believe
38%
it
38%
just
38%
one
38%
reason
38%
yeah
38%
Yeah,
38%
bad
31%
fire
31%
forgive
31%
good
31%
Messiah,
31%
really
31%
sad
31%
cold
25%
dove
25%
evil,
25%
happy
25%
human,
25%
Make
25%
sinner,
25%
told
25%
conscience,
19%
more
19%
time
19%
say
13%
wow!
13%
four,
6%
three,
6%
Two,
6%
No matching quizzes found
Score Distribution
Percent of People with Each Score
Percentile by Number Answered
Your Score History
You have not taken this quiz